Estatísticas para Quiz do Egito

Clique aqui para jogar o quiz

Estatísticas Gerais

  • Esse quiz foi jogado 2 037 vezes
  • A pontuação média é 11 de 23

Estatísticas das Respostas

PerguntaResposta% Correto
Em qual rio a maioria dos Egípcios vivem?Nilo
97%
Qual é a capital do Egito?Cairo
92%
Qual é a língua oficial do Egito?Árabe
85%
Qual líder mulher foi amante de ambos Júlio César e Marco Antônio?Cleópatra
75%
Qual é o nome da estátua que tem um corpo de leão e uma cabeça humana?Esfinge
71%
Qual era o título dos líderes do Antigo Egito?Faraó
70%
Qual tipo de material de papel foi inventado pelos Antigos Egípcios?Papiro
64%
Qual é o nome do canal conectando o Mar Mediterrâneo e o Mar Vermelho?Suez
62%
Em qual cidade a Grande Pirâmide pode ser encontrada?Gizé
61%
Quem foi o Deus do Sol do Antigo Egito?
61%
Qual rei teve sua tumba descoberta em 1922?Tutancâmon
60%
Qual sistema de escrita foi usado no Antigo Egito?Hieróglifos
56%
Qual é a segunda maior cidade do Egito?Alexandria
46%
Qual "grande" líder reinou o Egito por 66 anos começando em 1279 a.C.?Ramessés II
31%
Qual península egípcia foi capturada por Israel em 1967, e retornado em 1982?Sinai
31%
Qual Deusa foi considerada como a mãe divina no Antigo Egito?Ísis
26%
Qual pedra, descoberta em 1799, foi crucial para a compreensão desses símbolos?Pedra de {Roseta}
26%
Qual é o nome do grupo étnico Cristã do Egito?Coptas
18%
Qual presidente foi derrubado do poder como resultado desses protestos?Hosni Mubarak
15%
Qual represa nesse rio foi completada em 1970?Represa de {Assuã}
14%
Qual presidente pacificador foi assassinado em 1981?Anwar Al Sadat
10%
Qual Antigo Egípcio foi considerado como o primeiro arquiteta e doutor da história?Imotepe
10%
Qual foi o lugar onde o maior protesto da Primavera Árabe foi realizada em 2011?Praça {Tahrir}
10%

Distribuição das Pontuações

Percentil de Números Respondidos

Porcentagem de Pessoas com Cada Pontuação

Sua Pontuação Histórica

Você não jogou esse quiz